000 00298nam a22001337a 4500
008 171010b xxu||||| |||| 00| 0 eng d
020 _a9780132448451
041 _aeng
080 _210 ED
_a316
100 _a50
101 _aSOC
245 _aSOCIAL PROBLEMS
_cCOLEMAN.J.W
942 _2udc
_cBK
999 _c32931
_d32931